[Event "29th Czech Open-Rapid 2018"]
[Site "Pardubice"]
[Date "2018.07.19"]
[Round "6"]
[White "Piscopo, Pierluigi"]
[Black "Plat, Vojtech"]
[Result "0-1"]
[WhiteElo "2402"]
[BlackElo "2580"]
[Annotator "TA"]
[PlyCount "112"]
[EventDate "2018.07.18"]
[EventType "swiss"]
[EventCountry "CZE"]
[SourceTitle "playchess.com"]
[Source "ChessBase"]
[SourceQuality "1"]

{[%evp 16,112,39,8,18,12,17,19,21,20,39,53,47,48,59,55,77,2,6,6,10,6,17,0,9,6,19,8,0,0,0,-41,-10,-65,-64,-71,0,-8,0,-14,0,-26,-23,-25,0,-41,0,0,0,0,0,0,0,-116,-91,-97,-78,-145,-120,-120,9,-70,-71,-76,-83,-75,-67,-108,-106,-121,-115,-159,-147,-208,-63,-64,-64,-60,-27,-26,-27,-27,-12,-12,-8,-14,-14,-14,-13,-14,-13,-12,-12,-18,-18,-23,-20,-29976,-29977]} 1. e4 d6 2. Nc3 Nf6 3. f4 d5 4. e5 d4 5. Nce2 Nd5 6. Nxd4 {B07: Pirc Defence: Miscellaneous Systems} (6. d3 c5 7. g3 h5 8. Nf3 Bg4 9. Bg2 e6 10. h3 Bf5 11. Nh4 Bh7 {1-0 (24) Gashimov,V (2719)-Bologan,V (2695) Mainz 2010}) 6... Nxf4 7. Ndf3 e6 8. d4 Ng6 9. h4 {[%cal Bh2h4,Bh4h5,Bh5h6][%mdl 32] LiveBook: 3 Games} c5 10. h5 Ne7 11. h6 $146 ({Predecessor:} 11. c3 cxd4 12. cxd4 {1-0 (44) Petrosian,T (2616)-Jovanovic,Z (2546) Plovdiv 2008}) 11... cxd4 12. Qxd4 Nbc6 13. Qxd8+ Kxd8 14. Bd3 Ng6 15. Bg5+ Kc7 {[#]} 16. O-O-O ({Better is} 16. Bxg6 $1 $16 fxg6 17. O-O-O) 16... gxh6 $11 17. Bf6 Rg8 18. Ne2 {[%cal Bg1e2,Be2c3,Bc3e4][%mdl 32]} Bd7 19. a3 Nge7 20. Nc3 a6 21. Rhg1 Ng6 22. Ne4 Nf4 23. Bf1 (23. g3 $5 {[%cal Rg3f4]} Nxd3+ 24. Rxd3 $11) 23... Nd5 24. c4 (24. Re1 $11) 24... Ne3 $15 25. Re1 Nf5 (25... Nxf1 $17 26. Rexf1 Rg4) 26. Bd3 Ncd4 27. Nxd4 Nxd4 28. Nd6 Bc6 29. Bxh7 Rg3 30. Be4 Bg7 {...Bxf6 is the strong threat.} 31. Bxg7 Rxg7 32. Rgf1 Rf8 33. Rf2 Rg4 34. Bd3 (34. Bxc6 $11 {remains equal.} Nxc6 35. c5) 34... f5 35. Rh1 Rg3 $36 {[%mdl 2048] White is under strong pressure.} 36. Bf1 (36. Kd2 $142) 36... Re3 $17 37. b4 b6 ({But not} 37... Rxa3 $6 38. Rh4 $11) (37... Rxe5 $17 38. c5 Re1+ 39. Kb2 Nb5) 38. Rxh6 ({White should play} 38. Rh4 $1 $11 f4 39. Rhxf4 Rxf4 40. Rxf4 Rxe5 41. Rxd4 Re1+ 42. Rd1 Rxd1+ 43. Kxd1 Kxd6 44. Kd2) 38... Rxe5 $15 39. c5 bxc5 40. Nc4 Rd5 41. Rh7+ Rd7 42. Rxd7+ Bxd7 43. Ne5 cxb4 44. axb4 (44. Nxd7 $17 {was necessary.} Kxd7 45. axb4) 44... Rb8 (44... Bb5 $19 {And now ...Rg8 would win.} 45. Kb2 Bxf1 46. Rxf1 Rg8) 45. Bxa6 Rxb4 46. g4 $1 Nb3+ (46... f4 $5 47. g5 Kd6 48. Nxd7 Kxd7 $17) 47. Kc2 Nc5 48. gxf5 {Threatening f6.} Ba4+ 49. Kc3 Rb3+ 50. Kc4 Nxa6 51. f6 {Black should prevent f7.} Rb4+ 52. Kc3 Be8 53. f7 Bxf7 $1 54. Rxf7+ Kd6 55. Nc4+ Kc5 56. Rc7+ $2 {[%mdl 8192] [#]} (56. Nb2 $11 Rg4 57. Nd3+ Kd6 58. Nf4) 56... Nxc7 {Precision: White = 42%, Black = 54%.} 0-1

[Event "29th Czech Open-Rapid 2018"]
[Site "Pardubice"]
[Date "2018.07.19"]
[Round "6"]
[White "Skliarov, Viktor"]
[Black "Soural, Jan"]
[Result "1-0"]
[WhiteElo "2384"]
[BlackElo "2202"]
[Annotator "NA"]
[PlyCount "77"]
[EventDate "2018.07.18"]
[EventType "swiss"]
[EventCountry "CZE"]
[SourceTitle "playchess.com"]
[Source "ChessBase"]
[SourceQuality "1"]
[TimeControl "900+10"]

1. e4 {[%emt 0:00:00]} c5 {[%emt 0:00:00]} 2. Nf3 {[%emt 0:00:00]} Nc6 {[%emt 0:00:00]} 3. Bb5 {[%emt 0:00:00]} g6 {[%emt 0:00:02]} 4. O-O {[%emt 0:00:00]} Bg7 {[%emt 0:00:08]} 5. Re1 {[%emt 0:00:01]} Nf6 {[%emt 0:00:04]} 6. e5 {[%emt 0:00:01]} Nd5 {[%emt 0:00:03]} 7. Nc3 {[%emt 0:00:02]} Nc7 {[%emt 0:00:08]} 8. Bxc6 {[%emt 0:00:02]} dxc6 {[%emt 0:00:06]} 9. Ne4 {[%emt 0:00:02]} b6 {[%emt 0:00:05]} 10. Nf6+ {[%emt 0:00:03]} Kf8 {[%emt 0:00:03]} 11. Ne4 {[%emt 0:00:02]} Bg4 {[%emt 0:00:51]} 12. d3 {[%emt 0:00:53]} Ne6 {[%emt 0:00:11]} 13. h3 {[%emt 0:03:04]} Bxf3 {[%emt 0:00:10]} 14. Qxf3 {[%emt 0:00:01]} Qd5 {[%emt 0:04:09]} 15. Nd2 {[%emt 0:03:21]} Rd8 {[%emt 0:01:15]} 16. Qxd5 {[%emt 0:01:21]} Rxd5 {[%emt 0:01:23]} 17. Nf3 {[%emt 0:00:12]} h6 {[%emt 0:02:11]} 18. a3 {[%emt 0:01:01]} Kg8 {[%emt 0:00:43]} 19. b4 {[%emt 0:00:13]} Nd4 {[%emt 0:00:20]} 20. Nxd4 {[%emt 0:00:43]} cxd4 {[%emt 0:00:02]} 21. e6 {[%emt 0:00:12]} f5 {[%emt 0:00:20]} 22. a4 {[%emt 0:00:53]} Kh7 {[%emt 0:00:54]} 23. a5 {[%emt 0:00:31]} b5 {[%emt 0:01:21]} 24. Bb2 {[%emt 0:01:35]} c5 {[%emt 0:03:10]} 25. bxc5 {[%emt 0:00:34]} b4 {[%emt 0:00:00]} 26. Ra4 {[%emt 0:00:41]} Rb8 {[%emt 0:00:09]} 27. Bc1 {[%emt 0:01:00]} Rxc5 {[%emt 0:00:31]} 28. Bd2 {[%emt 0:00:02]} Rcb5 {[%emt 0:00:41]} 29. Kf1 {[%emt 0:01:06]} Be5 {[%emt 0:00:23]} 30. Rb1 {[%emt 0:01:26]} Bd6 {[%emt 0:00:08]} 31. f4 {[%emt 0:00:36]} Kg7 {[%emt 0:00:07]} 32. Re1 {[%emt 0:00:12]} a6 {[%emt 0:00:17]} 33. Bc1 {[%emt 0:00:06]} b3 {[%emt 0:00:15]} 34. cxb3 {[%emt 0:00:08]} Rxb3 {[%emt 0:00:01]} 35. Rxd4 {[%emt 0:00:03]} R3b5 {[%emt 0:00:25]} 36. Bd2 {[%emt 0:00:06]} Rb1 {[%emt 0:00:07]} 37. Bc3 {[%emt 0:00:24]} Kf8 {[%emt 0:00:07]} 38. Rc4 {[%emt 0:00:03]} Bxf4 {[%emt 0:00:13]} 39. Rxf4 {[%emt 0:00:06]} 1-0

[Event "29th Czech Open-Rapid 2018"]
[Site "Pardubice"]
[Date "2018.07.19"]
[Round "6"]
[White "Biolek, Richard"]
[Black "Buchcar, Tomas"]
[Result "1-0"]
[WhiteElo "2364"]
[BlackElo "2174"]
[Annotator "NA"]
[PlyCount "101"]
[EventDate "2018.07.18"]
[EventType "swiss"]
[EventCountry "CZE"]
[SourceTitle "playchess.com"]
[Source "ChessBase"]
[SourceQuality "1"]
[TimeControl "900+10"]

1. d4 {[%emt 0:00:47]} Nf6 {[%emt 0:00:00]} 2. c4 {[%emt 0:00:01]} c5 {[%emt 0:00:00]} 3. Nf3 {[%emt 0:00:06]} cxd4 {[%emt 0:00:00]} 4. Nxd4 {[%emt 0:00:01]} b6 {[%emt 0:00:01]} 5. Nc3 {[%emt 0:00:08]} Bb7 {[%emt 0:00:02]} 6. Qc2 {[%emt 0:00:33]} e6 {[%emt 0:00:10]} 7. e4 {[%emt 0:00:10]} d6 {[%emt 0:00:04]} 8. Be2 {[%emt 0:00:11]} a6 {[%emt 0:00:02]} 9. O-O {[%emt 0:00:02]} Be7 {[%emt 0:00:01]} 10. Be3 {[%emt 0:00:04]} Nbd7 {[%emt 0:00:04]} 11. Rfd1 {[%emt 0:00:11]} Qc7 {[%emt 0:00:02]} 12. f3 {[%emt 0:00:12]} O-O {[%emt 0:00:02]} 13. Rac1 {[%emt 0:00:03]} Rac8 {[%emt 0:00:06]} 14. Bf1 {[%emt 0:00:06]} Qb8 {[%emt 0:00:17]} 15. Qf2 {[%emt 0:00:05]} Bd8 {[%emt 0:00:08]} 16. Kh1 {[%emt 0:01:15]} Bc7 {[%emt 0:00:06]} 17. Qh4 {[%emt 0:00:09]} Ne5 {[%emt 0:00:24]} 18. b3 {[%emt 0:00:20]} Rfe8 {[%emt 0:00:39]} 19. Bg1 {[%emt 0:00:06]} Kh8 {[%emt 0:00:37]} 20. Qg5 {[%emt 0:00:45]} Bd8 {[%emt 0:00:33]} 21. Qd2 {[%emt 0:00:05]} Rg8 {[%emt 0:00:14]} 22. Nce2 {[%emt 0:00:17]} Bc7 {[%emt 0:00:27]} 23. Ng3 {[%emt 0:00:16]} Rce8 {[%emt 0:01:06]} 24. Qb2 {[%emt 0:00:40]} h5 {[%emt 0:00:53]} 25. Qf2 {[%emt 0:00:20]} h4 {[%emt 0:02:35]} 26. Nge2 {[%emt 0:00:01]} g5 {[%emt 0:00:01]} 27. Nc3 {[%emt 0:00:01]} Rg6 {[%emt 0:00:07]} 28. Nc2 {[%emt 0:00:50]} Nh5 {[%emt 0:00:21]} 29. Qd2 {[%emt 0:01:22]} Reg8 {[%emt 0:00:15]} 30. Bd4 {[%emt 0:00:56]} Kh7 {[%emt 0:00:54]} 31. Ne3 {[%emt 0:01:32]} Nc6 {[%emt 0:00:30]} 32. Ne2 {[%emt 0:00:01]} Qf8 {[%emt 0:00:53]} 33. Bb2 {[%emt 0:00:17]} Bc8 {[%emt 0:00:35]} 34. Ba3 {[%emt 0:00:19]} e5 {[%emt 0:00:33]} 35. Nd5 {[%emt 0:00:38]} Bd8 {[%emt 0:00:01]} 36. Qe3 {[%emt 0:00:07]} g4 {[%emt 0:00:46]} 37. f4 {[%emt 0:00:11]} g3 {[%emt 0:00:18]} 38. f5 {[%emt 0:00:21]} Rh6 {[%emt 0:00:26]} 39. h3 {[%emt 0:00:10]} Ne7 {[%emt 0:00:39]} 40. Nxb6 {[%emt 0:00:34]} Nxf5 {[%emt 0:00:01]} 41. exf5 {[%emt 0:00:12]} Bxf5 {[%emt 0:00:02]} 42. Nd5 {[%emt 0:01:15]} Qg7 {[%emt 0:00:18]} 43. Qf3 {[%emt 0:00:44]} Bc8 {[%emt 0:01:18]} 44. Rc2 {[%emt 0:01:09]} f5 {[%emt 0:00:15]} 45. Bc1 {[%emt 0:00:01]} f4 {[%emt 0:00:06]} 46. Nec3 {[%emt 0:00:33]} Kh8 {[%emt 0:00:57]} 47. Bd3 {[%emt 0:00:21]} Be6 {[%emt 0:00:43]} 48. Ne4 {[%emt 0:00:04]} Qd7 {[%emt 0:00:07]} 49. Bf1 {[%emt 0:00:22]} Ng7 {[%emt 0:01:51]} 50. Bb2 {[%emt 0:00:07]} Bf5 {[%emt 0:00:24]} 51. c5 {[%emt 0:01:06]} 1-0

[Event "29th Czech Open-Rapid 2018"]
[Site "Pardubice"]
[Date "2018.07.19"]
[Round "6"]
[White "Grekh, Andrey"]
[Black "Pein, Jonathan"]
[Result "1-0"]
[WhiteElo "2351"]
[BlackElo "2123"]
[Annotator "NA"]
[PlyCount "93"]
[EventDate "2018.07.18"]
[EventType "swiss"]
[EventCountry "CZE"]
[SourceTitle "playchess.com"]
[Source "ChessBase"]
[SourceQuality "1"]
[TimeControl "900+10"]

1. e4 {[%emt 0:00:00]} Nc6 {[%emt 0:00:00]} 2. Nf3 {[%emt 0:00:00]} e5 {[%emt 0:00:00]} 3. d4 {[%emt 0:00:00]} exd4 {[%emt 0:00:02]} 4. c3 {[%emt 0:00:00]} d3 {[%emt 0:00:09]} 5. Bxd3 {[%emt 0:00:00]} d6 {[%emt 0:00:48]} 6. h3 {[%emt 0:00:00]} Nf6 {[%emt 0:00:14]} 7. O-O {[%emt 0:00:01]} g6 {[%emt 0:00:36]} 8. Bg5 {[%emt 0:00:17]} Bg7 {[%emt 0:00:01]} 9. Qd2 {[%emt 0:00:32]} O-O {[%emt 0:00:05]} 10. Na3 {[%emt 0:00:13]} Ne5 {[%emt 0:00:53]} 11. Nxe5 {[%emt 0:00:07]} dxe5 {[%emt 0:00:00]} 12. Rad1 {[%emt 0:00:49]} Be6 {[%emt 0:00:30]} 13. Qe3 {[%emt 0:05:28]} c6 {[%emt 0:01:10]} 14. Bc4 {[%emt 0:00:48]} Qc8 {[%emt 0:00:01]} 15. f4 {[%emt 0:00:26]} exf4 {[%emt 0:00:21]} 16. Rxf4 {[%emt 0:00:07]} Nh5 {[%emt 0:01:10]} 17. Rf2 {[%emt 0:00:09]} Bxc4 {[%emt 0:00:02]} 18. Nxc4 {[%emt 0:00:01]} Qe6 {[%emt 0:00:01]} 19. b3 {[%emt 0:00:40]} f6 {[%emt 0:01:21]} 20. Bh4 {[%emt 0:03:35]} g5 {[%emt 0:00:06]} 21. Bg3 {[%emt 0:00:01]} Nxg3 {[%emt 0:00:14]} 22. Qxg3 {[%emt 0:00:01]} Rad8 {[%emt 0:00:19]} 23. Nd6 {[%emt 0:03:04]} Rd7 {[%emt 0:00:33]} 24. Rfd2 {[%emt 0:00:30]} Rfd8 {[%emt 0:00:04]} 25. Nc4 {[%emt 0:00:31]} Rxd2 {[%emt 0:00:44]} 26. Rxd2 {[%emt 0:00:01]} Rxd2 27. Nxd2 {[%emt 0:00:01]} Bf8 {[%emt 0:00:13]} 28. Qd3 {[%emt 0:00:32]} Qd6 {[%emt 0:00:53]} 29. Qxd6 {[%emt 0:00:05]} Bxd6 {[%emt 0:00:00]} 30. Kf2 {[%emt 0:00:37]} Be5 {[%emt 0:00:05]} 31. c4 {[%emt 0:00:05]} Kf7 {[%emt 0:00:12]} 32. g4 {[%emt 0:00:14]} Ke6 {[%emt 0:00:24]} 33. Nf3 {[%emt 0:00:03]} Bf4 {[%emt 0:00:23]} 34. Ke2 {[%emt 0:00:01]} Kd6 {[%emt 0:00:13]} 35. Kd3 {[%emt 0:00:01]} Kc5 {[%emt 0:00:01]} 36. Nd4 {[%emt 0:00:10]} Kb4 {[%emt 0:00:44]} 37. Ne6 {[%emt 0:00:27]} b5 {[%emt 0:02:11]} 38. cxb5 {[%emt 0:00:46]} cxb5 {[%emt 0:00:04]} 39. Nxf4 {[%emt 0:00:38]} gxf4 {[%emt 0:00:00]} 40. Ke2 {[%emt 0:00:02]} Ka3 {[%emt 0:00:15]} 41. g5 {[%emt 0:00:01]} fxg5 42. e5 Kxa2 {[%emt 0:00:23]} 43. e6 {[%emt 0:00:01]} Kxb3 {[%emt 0:00:01]} 44. e7 {[%emt 0:00:00]} a5 {[%emt 0:00:01]} 45. e8=Q {[%emt 0:00:02]} b4 {[%emt 0:00:04]} 46. Qg8+ {[%emt 0:00:14]} Kb2 {[%emt 0:00:02]} 47. Qa8 {[%emt 0:00:06]} 1-0

[Event "29th Czech Open-Rapid 2018"]
[Site "Pardubice"]
[Date "2018.07.19"]
[Round "6"]
[White "Zaitsev, Alexander"]
[Black "Mosesov, Danylo"]
[Result "1-0"]
[WhiteElo "2335"]
[BlackElo "2150"]
[Annotator "NA"]
[PlyCount "109"]
[EventDate "2018.07.18"]
[EventType "swiss"]
[EventCountry "CZE"]
[SourceTitle "playchess.com"]
[Source "ChessBase"]
[SourceQuality "1"]
[TimeControl "900+10"]

1. e4 {[%emt 0:00:00]} c5 {[%emt 0:00:00]} 2. Nf3 {[%emt 0:00:00]} e6 {[%emt 0:00:00]} 3. g3 {[%emt 0:00:00]} d5 {[%emt 0:00:22]} 4. exd5 {[%emt 0:00:00]} exd5 {[%emt 0:00:02]} 5. d4 {[%emt 0:00:00]} Nc6 {[%emt 0:00:01]} 6. Bg2 {[%emt 0:00:00]} Bd6 {[%emt 0:00:31]} 7. dxc5 {[%emt 0:00:13]} Bxc5 {[%emt 0:00:01]} 8. O-O {[%emt 0:00:03]} Nge7 {[%emt 0:00:08]} 9. Nbd2 {[%emt 0:02:25]} O-O {[%emt 0:00:08]} 10. Nb3 {[%emt 0:00:01]} Bb6 {[%emt 0:00:31]} 11. Nfd4 {[%emt 0:01:08]} h6 {[%emt 0:01:13]} 12. Be3 {[%emt 0:00:11]} Ne5 {[%emt 0:00:25]} 13. Re1 {[%emt 0:01:26]} Nc4 {[%emt 0:00:59]} 14. Bc1 {[%emt 0:00:01]} Re8 {[%emt 0:00:22]} 15. c3 {[%emt 0:00:11]} a5 {[%emt 0:00:57]} 16. Nd2 {[%emt 0:00:18]} Nd6 {[%emt 0:00:52]} 17. Nf1 {[%emt 0:01:00]} a4 {[%emt 0:01:51]} 18. Bf4 {[%emt 0:01:21]} Nc4 {[%emt 0:00:15]} 19. b3 {[%emt 0:00:46]} axb3 {[%emt 0:00:06]} 20. axb3 {[%emt 0:00:01]} Rxa1 {[%emt 0:00:02]} 21. Qxa1 {[%emt 0:00:01]} Na5 {[%emt 0:00:17]} 22. Qa3 {[%emt 0:02:32]} Ng6 {[%emt 0:02:12]} 23. Rxe8+ {[%emt 0:00:35]} Qxe8 {[%emt 0:00:02]} 24. Be3 {[%emt 0:00:05]} Qe7 {[%emt 0:00:55]} 25. Qa2 {[%emt 0:01:25]} Qd8 {[%emt 0:01:06]} 26. Nd2 {[%emt 0:00:17]} Bxd4 {[%emt 0:00:33]} 27. Bxd4 {[%emt 0:00:16]} Be6 {[%emt 0:00:09]} 28. Nf3 {[%emt 0:00:34]} Nc6 {[%emt 0:00:15]} 29. Be3 {[%emt 0:00:08]} Nge5 {[%emt 0:00:21]} 30. Nxe5 {[%emt 0:00:01]} Nxe5 {[%emt 0:00:01]} 31. Qa7 {[%emt 0:00:47]} Qc8 {[%emt 0:00:32]} 32. Qd4 {[%emt 0:00:23]} Nc6 {[%emt 0:00:12]} 33. Qc5 {[%emt 0:00:07]} Qa8 {[%emt 0:00:13]} 34. h3 {[%emt 0:00:47]} Ne5 {[%emt 0:00:27]} 35. Kh2 {[%emt 0:00:20]} Qa1 {[%emt 0:00:29]} 36. Bxd5 {[%emt 0:01:09]} Bxd5 37. Qxd5 Qxc3 {[%emt 0:00:39]} 38. Qxb7 {[%emt 0:00:11]} h5 {[%emt 0:01:16]} 39. Kg2 {[%emt 0:00:19]} Nd3 {[%emt 0:00:56]} 40. Qa8+ {[%emt 0:00:31]} Kh7 {[%emt 0:00:01]} 41. Qd5 {[%emt 0:00:01]} Ne1+ {[%emt 0:01:11]} 42. Kf1 {[%emt 0:01:02]} Nc2 {[%emt 0:00:02]} 43. Bd2 {[%emt 0:00:36]} Qa1+ {[%emt 0:01:03]} 44. Kg2 {[%emt 0:00:00]} Qd1 {[%emt 0:00:02]} 45. Qe4+ {[%emt 0:00:32]} Kg8 {[%emt 0:00:27]} 46. Bc3 {[%emt 0:00:01]} Kf8 {[%emt 0:00:19]} 47. b4 {[%emt 0:00:24]} Qb1 {[%emt 0:00:08]} 48. Qa8+ {[%emt 0:00:16]} Ke7 {[%emt 0:00:01]} 49. Qb7+ {[%emt 0:00:05]} Ke6 {[%emt 0:00:05]} 50. b5 {[%emt 0:00:07]} Qb3 {[%emt 0:00:10]} 51. Qc6+ {[%emt 0:00:05]} Ke7 {[%emt 0:00:05]} 52. b6 {[%emt 0:00:07]} Qa2 {[%emt 0:00:26]} 53. b7 {[%emt 0:00:14]} Ne3+ {[%emt 0:00:08]} 54. Kf3 {[%emt 0:00:01]} Nd1 {[%emt 0:00:17]} 55. Bb4+ {[%emt 0:00:17]} 1-0

[Event "29th Czech Open-Rapid 2018"]
[Site "Pardubice"]
[Date "2018.07.19"]
[Round "6"]
[White "Frolov, Artur"]
[Black "Kobo, Ori"]
[Result "0-1"]
[WhiteElo "2327"]
[BlackElo "2456"]
[Annotator "TA"]
[PlyCount "72"]
[EventDate "2018.07.18"]
[EventType "swiss"]
[EventCountry "CZE"]
[SourceTitle "playchess.com"]
[Source "ChessBase"]
[SourceQuality "1"]

{[%evp 15,72,18,22,19,47,41,46,49,50,-13,-8,-12,0,-8,0,-5,-9,-20,9,22,27,0,-12,-29,-38,-27,-28,-35,-16,-66,-53,-86,-75,-74,-49,-88,-88,-85,-95,-91,-83,-103,-84,-75,-65,-67,-77,-173,-120,-111,-125,-193,-139,-184,-187,-259,-242,-1012,-1012]} 1. e4 g6 2. d4 Bg7 3. Nc3 d6 4. Be3 a6 5. a4 Nf6 6. f3 Nc6 {B06: Moderne Verteidigung} (6... c6 7. Qd2 h5 8. Bd3 a5 9. Nge2 Na6 10. O-O O-O 11. Kh1 e5 12. Bc4 Nb4 13. Bb3 Qc7 14. Bh6 {½-½ (70) Radjabov,T (2745)-Nakamura,H (2775) Stavanger 2013}) 7. Bc4 O-O 8. Nge2 e5 {LiveBook: 6 Partien. Die Stellung ist ausgeglichen.} 9. d5 Ne7 10. Qd2 c6 $146 ({Vorgänger:} 10... Kh8 11. O-O-O Bd7 12. Qd3 Qe8 13. a5 Nc8 14. g4 {½-½ (44) Schmittdiel,E (2450)-Shchekachev,A (2510) Bad Zwesten 1998}) 11. dxc6 bxc6 12. Rd1 (12. O-O-O $14) 12... d5 $1 $11 13. exd5 cxd5 14. Nxd5 Nexd5 15. Bxd5 Nxd5 16. Qxd5 Qxd5 (16... Qh4+ {keeps more tension.} 17. Bf2 Qb4+ 18. c3 Qb8 19. Qd2 Be6) 17. Rxd5 e4 18. fxe4 Bb7 19. Rd2 Bxb2 20. Bd4 Ba3 21. Ng3 h5 {[%mdl 1024] Schwarz hat Kompensation.} 22. Bf6 Bc5 23. Ke2 Rfe8 24. Rhd1 Bc6 (24... h4 $5 25. Bxh4 Bxe4 $17) 25. a5 {[#]} Bb4 $1 {[%cal Rb4d2]} 26. Rd8 Bxa5 27. Rxa8 Rxa8 28. Rd6 Bb5+ 29. Kf3 Bc7 30. Rd5 Re8 31. Bd4 (31. Nxh5 $17 {war angesagt.} Re6 32. Bd8) 31... Bc6 (31... h4 $19 32. Ne2 Bc6) 32. Rc5 $17 Re6 33. h4 (33. Kf2 $17) 33... f5 (33... Bb6 $19 34. Rc4 Bd8) 34. Rc3 fxe4+ 35. Ke2 (35. Kf2 $142) 35... e3 36. Rxe3 $2 {[#]} (36. Ne4) 36... Rxe3+ {Precision: Weiß = 41%, Schwarz = 60%.} 0-1

[Event "29th Czech Open-Rapid 2018"]
[Site "Pardubice"]
[Date "2018.07.19"]
[Round "6"]
[White "Sarkar, Justin"]
[Black "Priyanka, Nutakki"]
[Result "1-0"]
[WhiteElo "2314"]
[BlackElo "1839"]
[Annotator "NA"]
[PlyCount "81"]
[EventDate "2018.07.18"]
[EventType "swiss"]
[EventCountry "CZE"]
[SourceTitle "playchess.com"]
[Source "ChessBase"]
[SourceQuality "1"]
[TimeControl "900+10"]

1. d4 {[%emt 0:02:23]} Nf6 {[%emt 0:00:00]} 2. c4 {[%emt 0:00:03]} c5 {[%emt 0:00:06]} 3. e3 {[%emt 0:00:50]} g6 {[%emt 0:00:56]} 4. Nc3 {[%emt 0:00:22]} Bg7 {[%emt 0:00:07]} 5. Nf3 {[%emt 0:01:16]} O-O {[%emt 0:00:05]} 6. Be2 {[%emt 0:00:06]} d5 {[%emt 0:00:41]} 7. dxc5 {[%emt 0:00:57]} Qa5 {[%emt 0:00:05]} 8. cxd5 {[%emt 0:03:31]} Nxd5 {[%emt 0:00:08]} 9. Qxd5 {[%emt 0:00:24]} Bxc3+ {[%emt 0:00:03]} 10. Kf1 {[%emt 0:01:33]} Bb4 {[%emt 0:02:45]} 11. a3 {[%emt 0:00:42]} Bxc5 {[%emt 0:00:51]} 12. Bd2 {[%emt 0:00:38]} Qb6 {[%emt 0:00:01]} 13. Bc3 {[%emt 0:00:11]} Be6 {[%emt 0:01:05]} 14. Qg5 {[%emt 0:00:50]} f6 {[%emt 0:01:45]} 15. Qh6 {[%emt 0:00:04]} Rf7 {[%emt 0:00:23]} 16. h4 {[%emt 0:00:04]} Nd7 {[%emt 0:01:59]} 17. h5 {[%emt 0:00:32]} g5 {[%emt 0:00:44]} 18. b4 {[%emt 0:01:23]} Bd6 {[%emt 0:00:01]} 19. Nxg5 {[%emt 0:00:16]} fxg5 {[%emt 0:00:30]} 20. Qxe6 {[%emt 0:00:04]} Nf8 {[%emt 0:00:56]} 21. Qd5 {[%emt 0:01:21]} h6 {[%emt 0:00:15]} 22. Rd1 {[%emt 0:00:05]} Rc8 {[%emt 0:01:15]} 23. Bd4 {[%emt 0:01:02]} Qc6 {[%emt 0:00:01]} 24. Qxc6 {[%emt 0:00:09]} Rxc6 {[%emt 0:00:08]} 25. Bxa7 {[%emt 0:00:07]} Rc3 {[%emt 0:00:08]} 26. Bd4 {[%emt 0:00:14]} Rxa3 {[%emt 0:00:29]} 27. Bc4 {[%emt 0:00:03]} e6 {[%emt 0:00:01]} 28. Bb2 {[%emt 0:00:03]} Ra4 {[%emt 0:00:03]} 29. Rxd6 {[%emt 0:00:09]} Rxb4 {[%emt 0:00:01]} 30. Ba3 {[%emt 0:00:27]} Rxc4 {[%emt 0:00:27]} 31. Ke2 {[%emt 0:00:04]} Rc2+ {[%emt 0:00:03]} 32. Rd2 {[%emt 0:00:06]} Rxd2+ {[%emt 0:00:02]} 33. Kxd2 {[%emt 0:00:01]} Rxf2+ {[%emt 0:00:02]} 34. Kd3 {[%emt 0:00:01]} Rxg2 {[%emt 0:00:12]} 35. Rc1 {[%emt 0:00:06]} Nd7 {[%emt 0:00:25]} 36. Rc8+ {[%emt 0:00:21]} Kf7 {[%emt 0:00:02]} 37. Rc7 {[%emt 0:00:02]} Ke8 {[%emt 0:00:01]} 38. Rc8+ {[%emt 0:00:05]} Kf7 {[%emt 0:00:01]} 39. Rc7 {[%emt 0:00:01]} Ke8 {[%emt 0:00:05]} 40. Rc8+ {[%emt 0:00:02]} Kf7 {[%emt 0:00:06]} 41. Rc7 {[%emt 0:00:03]} 1-0

[Event "29th Czech Open-Rapid 2018"]
[Site "Pardubice"]
[Date "2018.07.19"]
[Round "6"]
[White "Gomes, Mary Ann"]
[Black "Kolasa, Pjotrs"]
[Result "0-1"]
[WhiteElo "2297"]
[BlackElo "2104"]
[Annotator "NA"]
[PlyCount "90"]
[EventDate "2018.07.18"]
[EventType "swiss"]
[EventCountry "CZE"]
[SourceTitle "playchess.com"]
[Source "ChessBase"]
[SourceQuality "1"]
[TimeControl "900+10"]

1. e4 {[%emt 0:00:00]} e5 {[%emt 0:00:03]} 2. Nf3 {[%emt 0:00:00]} Nc6 {[%emt 0:00:02]} 3. Bb5 {[%emt 0:00:00]} Nf6 {[%emt 0:00:02]} 4. d3 {[%emt 0:00:02]} Bc5 {[%emt 0:00:02]} 5. O-O {[%emt 0:00:10]} Nd4 {[%emt 0:00:07]} 6. Nxd4 {[%emt 0:00:10]} Bxd4 {[%emt 0:00:02]} 7. c3 {[%emt 0:00:02]} Bb6 {[%emt 0:00:01]} 8. d4 {[%emt 0:00:25]} O-O {[%emt 0:00:57]} 9. dxe5 {[%emt 0:01:24]} Nxe4 {[%emt 0:00:03]} 10. Qd5 {[%emt 0:00:58]} Nxf2 {[%emt 0:00:13]} 11. Rxf2 {[%emt 0:00:21]} c6 {[%emt 0:00:02]} 12. Qf3 {[%emt 0:00:45]} cxb5 {[%emt 0:00:05]} 13. Be3 {[%emt 0:00:01]} Bxe3 {[%emt 0:02:30]} 14. Qxe3 {[%emt 0:00:02]} Qe7 {[%emt 0:00:01]} 15. Nd2 {[%emt 0:02:19]} d6 {[%emt 0:00:17]} 16. Re1 {[%emt 0:00:02]} dxe5 {[%emt 0:00:07]} 17. Qxe5 {[%emt 0:00:01]} Qxe5 {[%emt 0:00:30]} 18. Rxe5 {[%emt 0:00:02]} Bd7 {[%emt 0:00:50]} 19. Nf3 {[%emt 0:00:09]} Rfe8 {[%emt 0:00:11]} 20. Rh5 {[%emt 0:01:41]} f6 {[%emt 0:00:51]} 21. Rd2 {[%emt 0:00:13]} Bc6 {[%emt 0:04:03]} 22. Nd4 {[%emt 0:00:06]} Rad8 {[%emt 0:00:31]} 23. Kf2 {[%emt 0:00:05]} Re5 {[%emt 0:01:39]} 24. Rxe5 {[%emt 0:01:03]} fxe5 {[%emt 0:00:02]} 25. Nf3 {[%emt 0:00:02]} Rxd2+ {[%emt 0:00:01]} 26. Nxd2 {[%emt 0:00:01]} Kf7 {[%emt 0:00:08]} 27. g3 {[%emt 0:00:02]} Kf6 {[%emt 0:00:10]} 28. Ke3 {[%emt 0:00:12]} Kf5 {[%emt 0:00:03]} 29. h3 {[%emt 0:00:43]} h5 {[%emt 0:00:07]} 30. Nb3 {[%emt 0:00:27]} b6 {[%emt 0:00:16]} 31. Nc1 {[%emt 0:00:07]} Bg2 {[%emt 0:00:40]} 32. h4 {[%emt 0:00:01]} Kg4 {[%emt 0:01:15]} 33. Kf2 {[%emt 0:00:02]} Be4 {[%emt 0:00:05]} 34. b4 {[%emt 0:00:06]} Bd5 {[%emt 0:00:46]} 35. Nd3 {[%emt 0:00:01]} Kf5 {[%emt 0:00:11]} 36. a3 {[%emt 0:00:05]} Bc4 {[%emt 0:00:01]} 37. Ne1 {[%emt 0:01:02]} Ke4 {[%emt 0:00:15]} 38. Nf3 {[%emt 0:00:02]} Kd3 {[%emt 0:00:48]} 39. Nxe5+ {[%emt 0:00:02]} Kxc3 {[%emt 0:00:01]} 40. Ke3 {[%emt 0:02:28]} Kb3 {[%emt 0:00:30]} 41. Kd4 {[%emt 0:00:03]} Kxa3 {[%emt 0:00:13]} 42. Nc6 {[%emt 0:00:05]} a5 {[%emt 0:00:53]} 43. bxa5 {[%emt 0:00:03]} bxa5 {[%emt 0:00:02]} 44. Nxa5 {[%emt 0:00:02]} Bf7 {[%emt 0:00:20]} 45. Ke3 {[%emt 0:03:27]} Bd5 {[%emt 0:01:10]} 0-1